French Monarchs Quiz - Statistics

General Stats
  • This quiz has been taken 425 times
  • The average score is 8 of 14
Answer Stats
# Name % Correct
16 Louis
99%
1 Louis Philippe
99%
2 Napoleon
95%
9 Charles
90%
4 Henry
77%
6 Philip
69%
2 John
55%
2 Francis
54%
1 Hugh Capet
41%
2 Robert
34%
1 Eudes
28%
1 Carloman
24%
1 Lothair
24%
1 Rudolph
18%
No matching quizzes found
Score Distribution
Percent of People with Each Score
Percentile by Number Answered
Your Score History
You have not taken this quiz